000
00389nam a22001217a 4500
040
_c
HS
082
_a
632
100
_a
សុក គន្ធី
245
_a
Rice post-havest enginnering and management : ការគ្រប់គ្រងក្រោយការប្រមូលផលស្រូវ
260
_a
RUA
_b
សុក គន្ធី
_c
2007
300
_a
NA
942
_c
KB
999
_c
10319
_d
10319